Daň z motorových vozidiel by mala byť príjmom štátneho rozpočtu

Ministerstvo financií SR pripravilo zásadné zmeny v zdaňovaní motorových vozidiel. V súčasnosti je daň z motorových vozidiel príjmom vyšších územných celkov, ktoré môžu túto daň zaviesť a rozhodujú aj o sadzbách, oslobodeniach alebo zníženiach dane.

Gespeichert in:
Bibliographische Detailangaben
1. Verfasser: Neupauerová, Zuzana
Format: Buchkapitel
Sprache:Slowakisch
Schlagworte:
Tags: Tag hinzufügen
Keine Tags, Fügen Sie das erste Tag hinzu!

MARC

LEADER 00000nla a2200000 4500
001 0192336
005 20240502073228.8
041 0 |a slo 
044 |a SK 
245 1 0 |a Daň z motorových vozidiel by mala byť príjmom štátneho rozpočtu  |c Zuzana Neupauerová 
520 |a Ministerstvo financií SR pripravilo zásadné zmeny v zdaňovaní motorových vozidiel. V súčasnosti je daň z motorových vozidiel príjmom vyšších územných celkov, ktoré môžu túto daň zaviesť a rozhodujú aj o sadzbách, oslobodeniach alebo zníženiach dane. 
610 2 0 |a dane 
610 2 0 |a dane z vozidiel motorových 
610 2 0 |a zdaňovanie 
610 2 0 |a úpravy právne 
610 2 0 |a dane miestne 
610 2 0 |a príjmy rozpočtu štátneho 
100 1 |a Neupauerová, Zuzana